| 000 | 02162nam0a2200349 4500 | ||
|---|---|---|---|
| 001 | RU\NLR\BIBL_A\010346805 | ||
| 005 | 20260405144821.0 | ||
| 010 |
_a5-85979-011-2 _93000 |
||
| 035 | _a(NLR Aleph) 010346805 | ||
| 090 |
_a10727784 _c10727784 |
||
| 100 | _a20140424d1998 |||y0rusy50 ca | ||
| 101 | 0 | _arus | |
| 102 | _aRU | ||
| 105 | _ay ||z||||00yy | ||
| 200 | 1 |
_aНарушение обмена электролитов и эссенциальных микроэлементов при синдроме длительного сдавления на фоне артериальной гипертензии _fА.В. Ефремов, А.Р. Антонов, В. Берген [и др.] |
|
| 210 |
_aНовосибирск _c[б.и.] _d1998 |
||
| 215 |
_a122 с. _cил. _d20 |
||
| 320 | _aБиблиогр.: с. 95-121 | ||
| 606 | 1 |
_aЭлектролиты _xОбмен в организме _xНарушения при гипертонической болезни _92183369 _3RU\NLR\AUTH\6601549258 |
|
| 606 | 1 |
_aЭлектролиты _xОбмен в организме _xНарушения при травматическом токсикозе _92183366 _3RU\NLR\AUTH\6601549256 |
|
| 606 | 1 |
_aМикроэлементы _xОбмен в организме _xНарушения при гипертонической болезни _92183372 _3RU\NLR\AUTH\6601549260 |
|
| 606 | 1 |
_aМикроэлементы _xОбмен в организме _xНарушения при травматическом токсикозе _92183371 _3RU\NLR\AUTH\6601549259 |
|
| 606 | 1 |
_aТравматический токсикоз при гипертонической болезни _92183373 _3RU\NLR\AUTH\6601549261 |
|
| 686 | 1 | _aР458.1-7 | |
| 686 | 1 | _aР410.030-37 | |
| 701 | 1 |
_7ca _8rus _aЕфремов _bА. В. _cд-р мед. наук _gАнатолий Васильевич _943281 _3RU\NLR\AUTH\7760350 |
|
| 701 | 1 |
_7ca _8rus _aАнтонов _bА. Р. _cд-р мед. наук _f1961- _gАлександр Рудольфович _919567 _3RU\NLR\AUTH\7736577 |
|
| 701 | 1 |
_aБерген _bВ. |
|
| 942 | _cBOOK | ||
| 980 | _aNB | ||